000 00785nam a2200229Ia 4500
001 9697
003 GE_BSU
008 181216s||||||||xx |||||||||||||| ||und||
040 _cGE_BSU
080 _a821.353.1–2
100 _aნატროშვილი,გიორგი
245 _aბარათაშვილის უკანასკნელი ღამე
245 _bპიესა
245 _cრედ.კ.ლორთქიფანიძე.მხატვ. დ.ნოდია
260 _aთბილისი
260 _bნაკადული
260 _c1969
300 _a95გვ.17სმ.
653 _aბარათაშვილის უკანასკნელი ღამე
653 _aპიესა
942 _cBK
999 _c42980
_d42980